| 000 | 00690nam a2200217 a 4500 | ||
|---|---|---|---|
| 005 | 20241016063904.0 | ||
| 008 | 040217s1988 mx r 000 0 spa d | ||
| 020 | _a8470303112 | ||
| 035 | _aUPN01000131932 | ||
| 049 | _aCG | ||
| 050 | 4 |
_aBF38 _bL3.2 |
|
| 100 | 1 | _aLafourcade, Agustín | |
| 245 | 1 | 3 |
_aLa bomba psicológica como camino de superación : _bteoría y práctica de psicología fundamental / _cAgustín Lafourcade. |
| 260 |
_aMadrid : _bBiblioteca Nueva, _c1988. |
||
| 300 | _a165 p. | ||
| 440 | 0 | _aTextos y temas psicológicos | |
| 650 | 4 |
_aPSICOLOGIA - _xFILOSOFIA _914135 |
|
| 650 | 4 |
_aPsicología _xInvestigación _915714 |
|
| 650 | 4 |
_aPsicología _938 |
|
| 905 | _aLibro | ||
| 999 |
_c104087 _d104087 |
||